LEADER 01097nam 2200397 450 001 9910136657803321 005 20230810001104.0 010 $a1-5081-2600-3 035 $a(CKB)3710000000907661 035 $a(MiAaPQ)EBC5383138 035 $a(EXLCZ)993710000000907661 100 $a20180926d2017 uy 1 101 0 $aeng 135 $aurcnu|||||||| 181 $ctxt$2rdacontent 182 $cc$2rdamedia 183 $acr$2rdacarrier 200 10$aOur Christmas tree /$fLamar Coldwell 210 1$aNew York :$cRosen Classroom,$d2017. 215 $a1 online resource (12 pages) $cillustrations 225 1 $aRosen Real Readers 311 $a1-5081-2598-8 410 0$aRosen real readers. 606 $aChristmas trees$vJuvenile fiction 606 $aChristmas stories 615 0$aChristmas trees 615 0$aChristmas stories. 676 $a394.2663 700 $aColdwell$b Lamar$01378661 801 0$bMiAaPQ 801 1$bMiAaPQ 801 2$bMiAaPQ 906 $aBOOK 912 $a9910136657803321 996 $aOur Christmas tree$93417475 997 $aUNINA